000 00435nam a2200181 i 4500
001 bg
245 0 _aSłownik naukowo-techniczny angielsko-polski.
250 _aWyd.5.
260 _aWarszawa,
_c1976.
650 9 _aTechnika
650 9 _aSłownik angielsko-polski
_xtechnika
655 _aSłowniki
040 _cBPK
041 _apol
080 _a62(038)=111=162.1
942 _cKS
008 s pl f |000 0 pol
999 _c7724
_d7724
856 _uhttp://koha.tu.koszalin.pl/cgi-bin/koha/opac-detail.pl?biblionumber=7724
_yKatalog online BPK